| 000 | 00000nam 2200000zi 4500 |
| 001 | 9.902098 |
| 003 | CaOODSP |
| 005 | 20231120112151 |
| 006 | m o d f |
| 007 | cr cn||||||||| |
| 008 | 210728t20212021onc ob f000 0 fre d |
| 020 | |a9780660398358 |
| 040 | |aCaOODSP|bfre|erda|cCaOODSP |
| 043 | |an-cn--- |
| 045 | |ay2y2 |
| 086 | 1 |aH21-312/2021F-PDF |
| 245 | 00|aEnquête canadienne sur le cannabis 2021 : |brapport méthodologique / |cpréparé pour Santé Canada. |
| 264 | 1|aOttawa, Ontario : |bSanté Canada = Health Canada, |c2021. |
| 264 | 4|c©2021 |
| 300 | |a1 ressource en ligne (111 pages) + |esommaire exécutif (3 pages) + tableaux détaillés (239 pages non numérotées) |
| 336 | |atexte|btxt|2rdacontent/fre |
| 337 | |ainformatique|bc|2rdamedia/fre |
| 338 | |aressource en ligne|bcr|2rdacarrier/fre |
| 500 | |aPublié aussi en anglais sous le titre : The Canadian cannabis survey 2021 : methodological report. |
| 500 | |aLe rapport méthodologique et le sommaire exécutif et publié aussi en format HTML. |
| 500 | |a« Nom du fournisseur : Advanis Inc. » |
| 500 | |a« Numéro de contrat : HT372-204311/001/CY. » |
| 500 | |a« Numéro d'enregistrement : POR 102-20. » |
| 500 | |a« Juillet 2021. » |
| 500 | |aLe rapport méthodologique et le sommaire exécutif et publié aussi en format HTML. |
| 504 | |aComprend des références bibliographiques. |
| 650 | 6|aCannabis|zCanada|xOpinion publique. |
| 650 | 6|aMarijuana|zCanada|xOpinion publique. |
| 650 | 6|aMarijuana|xAbus|zCanada|xOpinion publique. |
| 650 | 6|aMarijuana|xEmploi en thérapeutique|zCanada|xOpinion publique. |
| 650 | 6|aOpinion publique|zCanada. |
| 710 | 1 |aCanada. |bSanté Canada, |eorganisme de publication. |
| 710 | 2 |aAdvanis (Firme), |econsultant. |
| 775 | 08|tThe Canadian cannabis survey 2021 : |w(CaOODSP)9.902097 |
| 794 | |tEnquête canadienne sur le cannabis 2022 : |w(CaOODSP)9.913290 |
| 795 | |tEnquête canadienne sur le cannabis 2020 : |w(CaOODSP)9.890941 |
| 856 | 40|qPDF|s1.66 Mo|uhttps://publications.gc.ca/collections/collection_2021/sc-hc/H21-312-2021-1-fra.pdf|z(Rapport méthodologique) |
| 856 | 40|qPDF|s166 Ko|uhttps://publications.gc.ca/collections/collection_2021/sc-hc/H21-312-2021-2-fra.pdf|z(Sommaire exécutif) |
| 856 | 40|qPDF|s5.47 Mo|uhttps://publications.gc.ca/collections/collection_2021/sc-hc/H21-312-2021-3-fra.pdf|z(Tableaux détaillés) |
| 856 | 4 |qHTML|sS.O.|uhttps://epe.lac-bac.gc.ca/100/200/301/pwgsc-tpsgc/por-ef/health/2021/102-20-f/report-cannabis-2021-fra.html|z(Rapport méthodologique) |
| 856 | 4 |qHTML|sS.O.|uhttps://epe.lac-bac.gc.ca/100/200/301/pwgsc-tpsgc/por-ef/health/2021/102-20-f/sommaire/summary-cannabis-2021-fra.html|z(Sommaire exécutif) |